Οργάνωση και Επικοινωνία / Προσεγγίσεις και Διαδικασίες (Record no. 6221)
[ view plain ]
| 000 -LEADER | |
|---|---|
| fixed length control field | 01499cam a22001934a 4500 |
| 005 - ΗΜΕΡΟΜΗΝΙΑ ΚΑΙ ΩΡΑ ΤΕΛΕΥΤΑΙΑΣ ΕΝΗΜΕΡΩΣΗΣ | |
| Πεδίο ελέγχου | 20250605164236.0 |
| 008 - FIXED-LENGTH DATA ELEMENTS--GENERAL INFORMATION | |
| Πεδίο ελέγχου σταθερού μήκους | 250528s ||||||||||||||||||||||||d |
| 035 ## - SYSTEM CONTROL NUMBER | |
| System control number | 21153 |
| 020 ## - ISBN | |
| ISBN | 9789605311964 |
| 040 ## - ΠΗΓΗ ΚΑΤΑΛΟΓΟΓΡΑΦΗΣΗΣ | |
| Φορέας πρωτότυπης καταλογογράφησης | MC Athens Campus Library |
| Γλώσσα καταλογογράφησης | Ελληνικά, Μοντέρνα (1453-) |
| Modifying agency | MC Athens Campus Library |
| Κανόνες περιγραφικής καταλογογράφησης | AACR2 |
| 245 1# - ΤΙΤΛΟΣ ΚΑΙ ΔΗΛΩΣΗ ΥΠΕΥΘΥΝΟΤΗΤΑΣ | |
| Τίτλος | Οργάνωση και Επικοινωνία / Προσεγγίσεις και Διαδικασίες |
| 260 ## - PUBLICATION, DISTRIBUTION, ETC. | |
| Name of publisher, distributor, etc. | Δίαυλος, |
| Date of publication, distribution, etc. | 2006 |
| 300 ## - PHYSICAL DESCRIPTION | |
| Extent | 462 |
| 520 ## - SUMMARY, ETC. | |
| Summary, etc. | Το παρόν βιβλίο αποκαλύπτει τη σχέση των χαρακτηριστικών της επικοινωνίας με τη φιλοσοφία της οργάνωσης των επιχειρήσεων. Πρόλογος, Ιδρυτικές Προσεγγίσεις, Κλασσικές Προσεγγίσεις, Προσεγγίσεις Ανθρώπινων Πόρων, Σύγχρονες Προσεγγίσεις, Συστημικές Προσεγγίσεις, Κριτικές Προσεγγίσεις, Διαρκείς Διαδικασίες, Διαδικασίς Αφομοίωσης, Διαδικασία Διαχείρισης Συγκρούσεων, Αναδυόμενες Διαδικασίες, Συναισθηματικές Διαδικασίες στον Εργασιακό Χώρο, Τεχνολογικές Διαδικασίες, Το Μεταβαλλόμενο Τοπίο των Οργανισμών, Βιβλιογραφία. |
| 700 1# - ΠΡΟΣΘΕΤΗ ΑΝΑΓΡΑΦΗ--ΦΥΣΙΚΟ ΠΡΟΣΩΠΟ | |
| Personal name | Miller Katherine |
| 9 (RLIN) | 7180 |
| 942 ## - ADDED ENTRY ELEMENTS (KOHA) | |
| Koha item type | Books |
| Τύπος τεκμηρίου | Βιβλιοθήκη | Τρέχουσα τοποθεσία | Barcode | Αριθμός εισαγωγής | Ημερομηνία απόκτησης | Ταξιθετικό σύμβολο | Αριθμός αντιτύπου | Κατάσταση απόσυρσης | Κατάσταση χαμένου | Κατάσταση κατεστραμμένου | Μη δανεισμός | Σύνολο δανεισμών | Ημερομηνία τελευταίας εμφάνισης | Η τιμή ισχύει από |
|---|---|---|---|---|---|---|---|---|---|---|---|---|---|---|
| Books | MC Athens Campus Library | MC Athens Campus Library | 9780000062208 | 2990 | 05/06/2025 | 658.45 MIL | 1 | 05/06/2025 | 05/06/2025 |